=LDR 00000nam 2200000 4500 =001 INLIS000000000009103 =005 20130612100927 =008 ***********************************Ind** =035 ##$$0010-061300000009103 =041 ##$$a Ind =082 ##$$a 005.369 =090 ##$$a 005.369, Sun-v =100 ##$$a Sunggiardi, Michael S =245 ##$$a Ventera Publisher, Tingkat lanjutan, Michael S. Sunggiardi =260 ##$$a 1991 $b Jakarta =300 ##$$a 92 hlm, Ilus, 21 cm =650 ##$$a Komputer program Ventura =850 ##$$a NBPNMAT